| 000 | 00356 a2200157 4500 | ||
|---|---|---|---|
| 001 | 78799 | ||
| 082 | _a530 SEA | ||
| 090 |
_c39449 _d39449 |
||
| 100 | _aSear F W & Zomansky | ||
| 245 |
_aUniversity physics 4th Ed _hEnglish |
||
| 250 | _a4 | ||
| 260 |
_bAddison-Wesley _c1970 |
||
| 300 | _a671p. | ||
| 500 | _aH&S Textbooks | ||
| 505 | _aAHQ Books | ||
| 942 |
_aNUST-CAE _cHS _k530 SEA |
||
| 999 |
_c313872 _d313872 |
||